Property solicitors campaign to overhaul county courts (Record no. 68571)

MARC details
000 -LEADER
fixed length control field 00868cam a2200217 4500
001 - CONTROL NUMBER
control field WB3739-21
008 - FIXED-LENGTH DATA ELEMENTS--GENERAL INFORMATION
fixed length control field 011016n2001 000 0 eng u
035 ## - SYSTEM CONTROL NUMBER
System control number (Sirsi) u115134
245 ## - TITLE STATEMENT
Title Property solicitors campaign to overhaul county courts
260 ## - PUBLICATION, DISTRIBUTION, ETC.
Date of publication, distribution, etc. 2001
490 ## - SERIES STATEMENT
Series statement Law Society's Gazette
Volume/sequential designation 98(39) 11 October 2001, 8(1)
520 ## - SUMMARY, ETC.
Summary, etc. Representatives of the Property Litigation Association (PLA) are acting on the results of a survey which showed the poor quality of service provided by county courts. They have won the support of two senior judges and have plans for a pilot to tackle the worst county court, Central London County Court.
590 ## - LOCAL NOTE (RLIN)
Local note WB
650 ## - SUBJECT ADDED ENTRY--TOPICAL TERM
Topical term or geographic name entry element SOLICITORS
650 ## - SUBJECT ADDED ENTRY--TOPICAL TERM
Topical term or geographic name entry element PROPERTY LITIGATION
650 ## - SUBJECT ADDED ENTRY--TOPICAL TERM
Topical term or geographic name entry element DISPUTE RESOLUTION
9 (RLIN) 6236
650 ## - SUBJECT ADDED ENTRY--TOPICAL TERM
Topical term or geographic name entry element COUNTY COURTS
650 ## - SUBJECT ADDED ENTRY--TOPICAL TERM
Topical term or geographic name entry element QUALITY OF SERVICE
690 ## - LOCAL SUBJECT ADDED ENTRY--TOPICAL TERM (OCLC, RLIN)
Topical term or geographic name as entry element LAW
942 ## - ADDED ENTRY ELEMENTS (KOHA)
Suppress in OPAC 0
Holdings
Withdrawn status Lost status Source of classification or shelving scheme Damaged status Not for loan Home library Current library Shelving location Date acquired Total Checkouts Full call number Barcode Date last seen Copy number Price effective from Koha item type
    Dewey Decimal Classification     London London News article 16/10/2001   WB3739-21 115134-1001 06/08/2019 1 06/08/2019 News article